[Event "SCG-chT (Women)"]
[Site "Budva"]
[Date "2004.09.15"]
[Round "7.1"]
[White "Bojkovic, Natasa"]
[Black "Stamenkovic, Marko"]
[Result "1-0"]
[WhiteElo "2393"]
[BlackElo "2095"]
[PlyCount "105"]
[EventDate "2004.09.08"]
[EventType "team"]
[EventRounds "11"]
[EventCountry "YUG"]
[SourceTitle "CBM 102 Extra"]
[Source "ChessBase"]
[SourceDate "2004.11.03"]
[SourceVersion "1"]
[SourceVersionDate "2004.11.03"]
[SourceQuality "1"]
[WhiteTeam "01"]
[BlackTeam "05"]
[WhiteTeamCountry "YUG"]
[BlackTeamCountry "YUG"]

1. e4 e6 2. d4 d5 3. Nd2 c5 4. exd5 Qxd5 5. Ngf3 cxd4 6. Bc4 Qd6 7. 0-0 Nf6 8. Nb3 Nc6 9. Nbxd4 Nxd4 10. Nxd4 a6 11. b3 Be7 12. a4 0-0 13. Bb2 Qc7 14. Nf3 Nd7 15. Qe2 Bf6 16. Bxf6 Nxf6 17. Ne5 Nd7 18. Nf3 Nf6 19. Rad1 Bd7 20. Ne5 Rad8 21. Rd4 Be8 22. Rxd8 Qxd8 23. Rd1 Qc7 24. Rd4 Nd7 25. Nf3 Nb6 26. Bd3 g6 27. Qe5 Qxe5 28. Nxe5 f6 29. Nc4 Nxc4 30. Bxc4 Bf7 31. Rd7 e5 32. Bd3 Rb8 33. a5 f5 34. f3 Kf8 35. Kf2 h5 36. Kg3 Be6 37. Rd6 Re8 38. Kh4 Kg7 39. Kg5 Re7 40. Rb6 Bf7 41. h4 e4 42. fxe4 fxe4 43. Be2 Rc7 44. c4 Re7 45. Rd6 Be6 46. Kf4 Bf5 47. Ke3 Rc7 48. b4 Kf7 49. Rd8 Be6 50. c5 Bf5 51. Rd6 Ke7 52. Bc4 Ke8 53. Bd5 1-0

[Event "SCG-chT (Women)"]
[Site "Budva"]
[Date "2004.09.13"]
[Round "6.1"]
[White "Stamenkovic, Marko"]
[Black "Kononenko, Tatiana"]
[Result "0-1"]
[WhiteElo "2095"]
[BlackElo "2361"]
[PlyCount "100"]
[EventDate "2004.09.08"]
[EventType "team"]
[EventRounds "11"]
[EventCountry "YUG"]
[SourceTitle "CBM 102 Extra"]
[Source "ChessBase"]
[SourceDate "2004.11.03"]
[SourceVersion "1"]
[SourceVersionDate "2004.11.03"]
[SourceQuality "1"]
[WhiteTeam "05"]
[BlackTeam "04"]
[WhiteTeamCountry "YUG"]
[BlackTeamCountry "YUG"]

1. e4 e6 2. d4 d5 3. Nd2 c5 4. exd5 Qxd5 5. Ngf3 cxd4 6. Bc4 Qd6 7. 0-0 Nf6 8. Nb3 Nc6 9. Nbxd4 Nxd4 10. Qxd4 Qxd4 11. Nxd4 Bd7 12. Be2 Bc5 13. Nb3 Bb6 14. a4 a5 15. Bf3 Rc8 16. c3 Bc6 17. Bxc6+ Rxc6 18. Bf4 Ke7 19. Rfd1 Rd8 20. Rxd8 Kxd8 21. h3 Nd7 22. Kf1 e5 23. Bd2 Ke7 24. Ke2 Ke6 25. Ra2 Nf6 26. Be3 Bxe3 27. Kxe3 b6 28. g3 Nd5+ 29. Kd3 g5 30. Ra1 f5 31. Re1 Kf6 32. Rh1 h5 33. h4 g4 34. Nd2 Nc7 35. Rb1 e4+ 36. Ke2 Ne6 37. Ra1 Ke5 38. Nf1 f4 39. Kd2 Rd6+ 40. Ke1 fxg3 41. Nxg3 Nf4 42. Kf1 Nd3 43. Nxh5 Rh6 44. Ng3 Rxh4 45. b4 Rh2 46. bxa5 Rxf2+ 47. Kg1 bxa5 48. Rb1 Rb2 49. Rf1 Nf4 50. Re1 Rg2+ 0-1

[Event "SCG-chT (Women)"]
[Site "Budva"]
[Date "2004.09.09"]
[Round "2.1"]
[White "Stamenkovic, Marko"]
[Black "Vasilevich, Tatjana"]
[Result "1/2-1/2"]
[WhiteElo "2095"]
[BlackElo "2384"]
[PlyCount "44"]
[EventDate "2004.09.08"]
[EventType "team"]
[EventRounds "11"]
[EventCountry "YUG"]
[SourceTitle "CBM 102 Extra"]
[Source "ChessBase"]
[SourceDate "2004.11.03"]
[SourceVersion "1"]
[SourceVersionDate "2004.11.03"]
[SourceQuality "1"]
[WhiteTeam "05"]
[BlackTeam "03"]
[WhiteTeamCountry "YUG"]
[BlackTeamCountry "YUG"]

1. e4 e5 2. Nf3 d6 3. Bc4 Be7 4. d4 exd4 5. Nxd4 Nf6 6. Nc3 0-0 7. 0-0 a6 8. a4 Nxe4 9. Nxe4 d5 10. Bd3 dxe4 11. Bxe4 Nd7 12. Be3 Nf6 13. Bf3 Nd5 14. Bc1 Bf6 15. c3 Qd6 16. Nf5 Bxf5 17. Qxd5 Qxd5 18. Bxd5 c6 19. Bf3 Rad8 20. Be3 h6 21. h3 Rfe8 22. a5 Rd7 1/2-1/2

[Event "SCG-chT (Women)"]
[Site "Budva"]
[Date "2004.09.08"]
[Round "1.1"]
[White "Maksimovic, Suzana"]
[Black "Stamenkovic, Marko"]
[Result "1/2-1/2"]
[WhiteElo "2258"]
[BlackElo "2095"]
[PlyCount "28"]
[EventDate "2004.09.08"]
[EventType "team"]
[EventRounds "11"]
[EventCountry "YUG"]
[SourceTitle "CBM 102 Extra"]
[Source "ChessBase"]
[SourceDate "2004.11.03"]
[SourceVersion "1"]
[SourceVersionDate "2004.11.03"]
[SourceQuality "1"]
[WhiteTeam "06"]
[BlackTeam "05"]
[WhiteTeamCountry "YUG"]
[BlackTeamCountry "YUG"]

1. d4 Nf6 2. Nf3 d5 3. c4 c6 4. e3 g6 5. Nc3 Bg7 6. Qb3 0-0 7. Bd2 e6 8. Be2 Nbd7 9. 0-0 Ne4 10. Rfd1 b6 11. cxd5 exd5 12. Be1 Bb7 13. a4 a5 14. Rac1 f5 1/2-1/2